| 000 | 00607cam a22002175i 4500 | ||
|---|---|---|---|
| 001 | 22993837 | ||
| 005 | 20250113100804.0 | ||
| 008 | 230301t20232023mau 001 0 eng c | ||
| 020 | _a9780323852777 | ||
| 040 | _cPK-LaUMT | ||
| 082 |
_a004.6782 _bMAR-C |
||
| 100 | 1 |
_aMarinescu, Dan C. _94188 |
|
| 245 | 1 | 0 |
_aCloud computing : _btheory and practice / _cby Dan C. Marinescu |
| 250 | _a3rd ed. | ||
| 260 |
_aCambridge : _bMorgan Kaufmann Publishers, _c2023 |
||
| 300 |
_axvii, 653 p. ; _c24 cm |
||
| 546 | _aEng | ||
| 650 | 0 |
_aCloud computing. _93589 |
|
| 650 | 7 |
_aCloud computing. _93589 |
|
| 942 | _cBK | ||
| 999 |
_c136646 _d136646 |
||